| 000 | 00830nam a2200265 a 4500 | ||
|---|---|---|---|
| 999 |
_c4649 _d4649 |
||
| 001 | 24158580 | ||
| 003 | OCoLC | ||
| 005 | 20181211154923.0 | ||
| 008 | 920514s1991 tnua b 000 0 eng | ||
| 010 | _a92160032 | ||
| 020 | _a0840732260 | ||
| 040 |
_aDLC _cDLC |
||
| 082 |
_a616.86 _bV284G |
||
| 092 |
_a616.863 _bV284G2 |
||
| 100 | 1 | _aVanVonderen, Jeffrey | |
| 245 | 1 | 0 |
_aGood news for the chemically dependent and those who love them / _cJeff VanVonderen |
| 250 | _aRev. and updated | ||
| 260 |
_aNashville : _bT. Nelson Publishers, _cc1991 |
||
| 300 |
_a227 p. : _bill. ; _c21 cm |
||
| 504 | _aIncludes bibliographical references (p. 224-226) | ||
| 650 | 0 | _aSubstance abuse | |
| 650 | 0 |
_aSubstance abuse _xPatients _xFamily relationships |
|
| 650 | 0 |
_aSubstance abuse _xReligious aspects _xChristianity |
|
| 942 |
_2ddc _cBK |
||